000 01218nam a2200313 4500
001 177871
003 ES-MaACL
005 20250819074341.0
008 110503s2009 sp ac |||| | spa d
017 _aS.252-2009
020 _a9788461294497
080 _a329.23(460)"18"
080 _a323.172(460)"18"
080 _a94(460)"18"
100 1 _aRolandi Sánchez-Solís, Manuel.
_9146356
245 1 3 _aEl republicanismo y el federalismo español del siglo XIX
_b: la búsqueda de un nuevo orden político y social al servicio de los ciudadanos /
_cManuel Rolandi Sánchez-Solís ; prólogo, Manuel Muela.
260 _aMadrid :
_bCentro de Investigación y Estudios Republicanos,
_c2009.
300 _a494 p. :
_bil. ;
_c23 cm.
504 _aBibliografía: p. [481]-494.
650 7 _aRepublicanismo-
_zEspaña.
_916856
650 0 4 _aFederalismo-
_zEspaña-
_yS.XIX
_912740
651 7 _aEspaña-
_xHistoria-
_yS.XIX
_2
_9142005
700 1 _aMuela, Manuel.
_9140844
710 2 _aCentro de Investigación y Estudios Republicanos
_92704
852 _aES-MaACL
_9R.145721
_jA-11133
_dOlim:N-4138
_cDEPO1
942 _2udc
_cMONOGRAFIA
999 _c177871
_d177871